000 00829cab a2200265 4500
001 WB3127-34
008 090401t1995 xxu||||| |||| 00| 0 eng d
035 _a(Sirsi) u29038
041 _aeng
245 _aProperty Holdings deals
260 _c1995
350 _a0
490 _aProperty Week
_v51(8) 13 July 1995, 6(1)
520 _aProperty Holdings is criticised by the NAO for procedural errors in seven freehold acquisitions, even though value for money had been obtained through the deals.
650 _aAGENTS
650 _aCLUTTONS
650 _aKNIGHT FRANK AND RUTLEY
650 _aNATIONAL AUDIT OFFICE
650 _aNEGOTIATIONS
650 _aPROPERTY HOLDINGS
650 _aValuation
_96273
690 _aMANAGEMENT-BUSINESS MANAGEMENT-PROFESSIONAL PRACTICE
942 _n0
948 _c04/03/1997
999 _c19543
_d19543